000 01006nam a22003137a 4500
001 BR7900996
003 BR-BrBNA
005 20230928085933.0
007 ta
008 230509b bl.||||| |||| 00| 0 por d
040 _aBR-BrBNA
_bpor
_cBiblioteca Nacional de Agricultura
041 _a(Por)
072 _aF30
_b0430
_b/G514
090 _ 0430 BR7900996
110 1 _aUniversidade Federal do Ceara, Fortaleza (Brasil). Centro de Ciencias Agrarias. Depto. de Fitotecnia;
110 1 _aSuperintendencia do Desenvolvimento do Nordeste, Recife, PE (Brasil)
245 1 _aRelatorio anual sobre melhoramento genetico e experimentacao com algodao moco no Estado do Ceara [Brasil]
260 3 _aFortaleza, CE (Brasil):
_c1978.
300 _a40 p.
500 _a27 tables
650 _aALGODAO MOCO
650 _aADUBACAO
650 _aPODA
650 _aCOMPETICAO DE VARIEDADE
650 _aCONSORCIACAO DE CULTURA
650 _aCEARA
909 _a202309
_bLucia
_c55
_dLucia Elande
942 _cBK
999 _c27087
_d27087